| 000 | 01115nam a22003257a 4500 | ||
|---|---|---|---|
| 003 | OSt | ||
| 005 | 20230823115549.0 | ||
| 008 | 221006b |||||||| |||| 00| 0 eng d | ||
| 040 | _cBiblioteca Lado V | ||
| 082 |
_a708 _bO77m |
||
| 100 |
_9960 _aOrtiz Serrano, Gustavo _edirector |
||
| 245 |
_aMuseo de Arte Contemporáneo de Bogotá/ _bEl Camino Secretos| La Magia del Tiempo/ |
||
| 260 |
_c2015 _bUNIMINUTO _aBogota _aColombia |
||
| 300 |
_c21.5x28cm _a24p. |
||
| 490 |
_a3 _v1 _x2422-1856 |
||
| 505 | _tFisico, Sutil, Casual. | ||
| 505 | _tVejarano, pequeño Dios | ||
| 505 | _tEl templo como cuerpo | ||
| 505 | _tLa búsqueda | ||
| 505 | _tEl dibujo, volver al origen | ||
| 505 | _tEsculturas vibrantes | ||
| 505 | _tGeometrías | ||
| 505 | _tLos vídeos: Portales en movimiento | ||
| 505 | _tGustavo Vejarano | ||
| 650 |
_2Tesauro de Arte & Arquitectura _aARTE |
||
| 650 |
_2Tesauro de Arte & Arquitectura _aFIGURAS _9702 |
||
| 650 |
_2Tesauro de Arte & Arquitectura _aDIBUJO _9703 |
||
| 651 |
_2Tesauro de Arte & Arquitectura _aESCULTURAS |
||
| 942 |
_2ddc _c1 _h708 _iO77m _n0 |
||
| 999 |
_c4187 _d4187 |
||